书目信息 |
| 题名: |
蒸汽机车空气制动机
|
|
| 作者: | 机车乘务员统一教材编纂委员会 编 ;石家庄铁路机车司机学校 编 | |
| 分册: | ||
| 出版信息: | 北京 人民铁道出版社 1955 |
|
| 页数: | 188页 | |
| 开本: | 20cm | |
| 丛书名: | ||
| 单 册: | ||
| 中图分类: | U261.51 | |
| 科图分类: | ||
| 主题词: | 空气制动-制动装置-蒸汽机车 , 制动装置-蒸汽机车-空气制动 , 蒸汽机车-空气制动-制动装置 | |
| 电子资源: | ||
| ISBN: | ||
| 000 | 00949nam0 2200265 45 | |
| 001 | 0177002507 | |
| 005 | 20060724080953.89 | |
| 010 | @dCNY1.32 | |
| 100 | @a19951025d1955 em y0chiy0121 ea | |
| 101 | 0 | @achi |
| 102 | @aCN@b110000 | |
| 105 | @ay z 000yy | |
| 200 | 10 | @a蒸汽机车空气制动机@Azheng qi ji che kong qi zhi dong ji@f机车乘务员统一教材编纂委员会编@Fji che cheng wu yuan tong yi jiao cai bian zuan wei yuan hui bian |
| 210 | @a北京@c人民铁道出版社@d1955 | |
| 215 | @a188页@d20cm | |
| 300 | @a机车乘务员教材 | |
| 606 | @a空气制动-制动装置-蒸汽机车 | |
| 606 | @a制动装置-蒸汽机车-空气制动 | |
| 606 | @a蒸汽机车-空气制动-制动装置 | |
| 690 | @aU261.51@v3 | |
| 701 | 0 | @a机车乘务员统一教材编纂委员会@Aji che cheng wu yuan tong yi jiao cai bian zuan wei yuan hui@4编 |
| 711 | 02 | @a石家庄铁路机车司机学校@Ashi jia zhuang tie lu ji che si ji xue xiao@4编 |
| 801 | 2 | @aCN@bNLC@c20060724 |
| 801 | 0 | @aCN@bTSSF |
| 905 | @dU261.51@e105 | |
| 蒸汽机车空气制动机/机车乘务员统一教材编纂委员会编.-北京:人民铁道出版社,1955 |
| 188页;20cm |
| 机车乘务员教材 |
| ISBN :CNY1.32 |
| ● |
| 相关链接 |
|
|
|
|
正题名:蒸汽机车空气制动机
索取号:U261.51/105
 
预约/预借
| 序号 | 登录号 | 条形码 | 馆藏地/架位号 | 状态 | 备注 |
| 1 | 0437550 | 204375504 | 密集书库/ [索取号:U261.51/105] | 在馆 |